Countries of the World in their Native Language - Statistics

General Stats
  • This quiz has been taken 954 times
  • The average score is 75 of 196
Answer Stats
English Native Language % Correct
United Kingdom United Kingdom
90%
United States United States
86%
France France
81%
Spain España
79%
Canada Canada
77%
Australia Australia
74%
Italy Italia
74%
Mexico México
74%
Germany Deutschland
73%
Ireland Éire
72%
Portugal Portugal
72%
New Zealand New Zealand
71%
Finland Suomi
70%
Argentina Argentina
69%
Brazil Brasil
68%
Chile Chile
68%
Colombia Colombia
67%
Paraguay Paraguay
67%
Peru Perú
67%
Uruguay Uruguay
66%
Venezuela Venezuela
66%
Bolivia Bolivia
65%
Ecuador Ecuador
65%
India Bhārat
63%
Guyana Guyana
63%
Cuba Cuba
62%
Haiti Haïti
62%
Panama Panamá
62%
South Africa South Africa
62%
Suriname Suriname
62%
Guatemala Guatemala
61%
Andorra Andorra
60%
Belize Belize
60%
El Salvador El Salvador
60%
Japan Nippon
60%
Costa Rica Costa Rica
59%
Dominica Dominica
59%
Fiji Fiji
59%
Honduras Honduras
58%
Nicaragua Nicaragua
58%
Antigua and Barbuda Antigua and Barbuda
56%
Barbados Barbados
56%
Jamaica Jamaica
56%
Luxembourg Lëtzebuerg
56%
Netherlands Nederland
56%
Saint Kitts and Nevis Saint Kitts and Nevis
56%
Saint Lucia Saint Lucia
56%
Trinidad and Tobago Trinidad and Tobago
56%
Bahamas Bahamas
55%
Belgium België
55%
Poland Polska
55%
Saint Vincent and the Grenadines Saint Vincent and the Grenadines
55%
San Marino San Marino
55%
Tonga Tonga
54%
Nauru Nauru
53%
Norway Norge
53%
Grenada Grenada
52%
Austria Österreich
52%
Samoa Samoa
52%
Tuvalu Tuvalu
52%
Liechtenstein Liechtenstein
51%
Monaco Monaco
51%
Niger Niger
51%
Democratic Republic of the Congo République démocratique du Congo
51%
Republic of the Congo République du Congo
51%
Vanuatu Vanuatu
51%
Indonesia Indonesia
50%
Iran Īrān
50%
Kiribati Kiribati
50%
Malta Malta
49%
Pakistan Pākistān
49%
Iraq Al-'Iraq
48%
Kenya Kenya
48%
Marshall Islands Marshall Islands
48%
Nigeria Nigeria
48%
Solomon Islands Solomon Islands
48%
Switzerland Suisse
48%
Sweden Sverige
48%
Federated States of Micronesia Federated States of Micronesia
47%
Iceland Ísland
47%
Romania România
47%
Angola Angola
46%
Sudan As-Sudan
46%
Singapore Singapura
46%
Denmark Danmark
45%
Greece Hellas
45%
Malaysia Malaysia
45%
Namibia Namibia
44%
Ghana Ghana
43%
Mali Mali
43%
Senegal Sénégal
43%
Tanzania Tanzania
43%
Benin Bénin
42%
Lesotho Lesotho
42%
Papua New Guinea Papua New Guinea
42%
Togo Togo
42%
Botswana Botswana
41%
Laos Lao
41%
Madagascar Madagasikara
41%
Rwanda Rwanda
41%
Zambia Zambia
41%
Zimbabwe Zimbabwe
41%
Belarus Belorussiya
39%
Gambia Gambia
39%
Thailand Prathet Thai
39%
Uganda Uganda
39%
Burundi Burundi
38%
Gabon Gabon
38%
Croatia Hrvatska
38%
Philippines Pilipinas
38%
Bangladesh Bangladesh
37%
Cameroon Cameroun
36%
Moldova Moldova
36%
Kazakhstan Qazaqstan
36%
Sao Tome and Principe São Tomé e Príncipe
36%
Seychelles Sesel
36%
Cote d'Ivoire Cote d'Ivoire
35%
Liberia Liberia
35%
Qatar Qaṭar
35%
Russia Rossiya
35%
Sri Lanka Sri Lankā
35%
Taiwan Zhōnghuá
35%
Brunei Brunei
34%
Estonia Eesti
34%
Djibouti Jībūtī
34%
Malawi Malawi
34%
South Sudan South Sudan
34%
Burkina Faso Burkina Faso
33%
Burma Myanma
33%
Sierra Leone Sierra Leone
33%
Turkey Türkiye
33%
Vatican City Città del Vaticano
32%
Dominican Republic República Dominicana
32%
Kuwait Al-Kuwayt
31%
Libya Libya
31%
Swaziland Swaziland
31%
Turkmenistan Türkmenistan
31%
East Timor Timor Lorosa'e
30%
Kyrgyzstan Kyrgyzstan
26%
Cape Verde Cabo Verde
25%
Serbia Srbija
23%
Egypt Misr
22%
Slovenia Slovenija
22%
China Zhōngguó
22%
Lithuania Lietuva
21%
Slovakia Slovensko.
21%
Czech Republic Česká republika
20%
Latvia Latvija
20%
Montenegro Crna Gora
19%
Cyprus Kypros
19%
Hungary Magyarország
19%
Albania Shqipëria
17%
Bosnia and Herzegovina Bosna i Hercegovina
16%
Chad Tchad
16%
Guinea Guinée
15%
Cambodia Kampuchea
15%
Macedonia Makedonija
14%
Bulgaria Bulgariya
13%
Armenia Hayastán
12%
Kosovo Kosova
12%
Mozambique Moçambique
11%
Georgia Sakartvelo
10%
Israel Yisrael
10%
Algeria Al-Jazā'ir
9%
Equatorial Guinea Guinea Ecuatorial
9%
Comoros Komori
9%
Azerbaijan Azərbaycan
8%
South Korea Hanguk
8%
Palau Belau
7%
North Korea Chosŏn
7%
Guinea-Bissau Guiné-Bissau
7%
Mauritius Maurice
7%
Lebanon Lubnān
6%
Mongolia Mongol Uls
6%
Uzbekistan O‘zbekiston
5%
Oman ‘Umān
5%
Jordan Al-’Urdun
4%
Yemen Al-Yaman
4%
Bahrain Al-Baḥrayn
3%
Nepal Nepāla
3%
Somalia Soomaaliya
3%
Tunisia Tunes
3%
Afghanistan Afghanestan
2%
Saudi Arabia Al-Mamlaka
2%
Maldives Dhivehi
2%
Bhutan Druk Yul
2%
Ethiopia Ityop'ia
2%
Syria Suriyah
2%
Tajikistan Tojikistan
2%
Ukraine Ukraїna
2%
Eritrea Iritriya
1%
Mauritania Muritan
1%
Vietnam Việt Nam
1%
United Arab Emirates Al-’Imārat Al-‘Arabiyyah Al-Muttaḥidah
0%
Morocco Amerruk
0%
Central African Republic Ködörösêse tî Bêafrîka
0%
No matching quizzes found
Score Distribution
Percent of People with Each Score
Percentile by Number Answered
Your Score History
You have not taken this quiz